000
00314nam a2200133Ia 4500
008
230717s9999 xx 000 0 und d
020
_a
0-7121-1055-0
041
_a
eng
082
_a
346.03
_b
PAN
100
_a
Pannett A.J
245
_a
Law Of Torts
250
_a
7ed.
260
_a
London
_b
Pitman Publishing
_c
1995
999
_c
671687
_d
671687